[Event "Bundesliga 1819"]
[Site "Germany"]
[Date "2019.03.02"]
[Round "10.4"]
[White "McShane, Luke J"]
[Black "Grandelius, Nils"]
[Result "1-0"]
[WhiteElo "2667"]
[BlackElo "2678"]
[Annotator "Meyer,CD"]
[PlyCount "115"]
[EventDate "2018.11.10"]
[EventType "team-tourn"]
[EventRounds "15"]
[EventCountry "GER"]
[SourceTitle "CBM 189 Extra"]
[Source "ChessBase"]
[SourceDate "2019.06.03"]
[SourceVersion "1"]
[SourceVersionDate "2019.06.03"]
[SourceQuality "1"]
[WhiteTeam "Werder Bremen"]
[BlackTeam "Hamburger SK"]
[WhiteTeamCountry "GER"]
[BlackTeamCountry "GER"]

{EIN TROCKENER ANTI-SIZILIANER} 1. e4 c5 2. Nf3 d6 3. Bb5+ Nd7 4. d4 (4. O-O a6
5. Bd3 Ngf6 6. c3 b5 7. a4 b4 8. Bc2 Bb7 9. Re1 Qc7 10. d3 e6 11. a5 bxc3 12.
bxc3 Be7 13. h3 O-O 14. Bf4 Bc6 15. Nbd2 $13 {/=, remis/62, McShane,L (2672)
-Nepomniachtchi,I (2768), Batumi 2018}) 4... cxd4 ({I Ein anderes Thema ist} 
4... Ngf6 5. Nc3 a6 6. Bxd7+ Nxd7 (6... Bxd7 $2 7. dxc5) 7. O-O {und z.B.} e6
8. Bg5 Qc7 9. d5 $5 e5 (9... b5 10. dxe6 fxe6 11. Re1 (11. Qd3)) 10. a4 $14) ({
II Viel weniger beliebt ist} 4... a6 5. Bxd7+ Bxd7 6. dxc5 dxc5 7. Nc3 e6 8.
Bf4 $14) 5. Qxd4 a6 6. Bxd7+ Bxd7 7. Nc3 ({Ob das noch öfter gespielte} 7. c4
{(mit Igel- bzw. Maroczy-Strukturen) gegenüber dem Textzug, wonach Schwarz
Spiel über die c-Linie besitzt, den Vorzug verdient, ist nach wie vor eine
offene Frage.}) 7... Rc8 ({Ähnliche oder gleiche Stellungsbilder wie in der
Partie ergeben sich nach} 7... e5 8. Qd3 h6 9. Nd2 Rc8 10. Nc4 {und nun z.B.:}
Be6 (10... Qc7 11. Ne3 Nf6 12. a4 Be7 13. O-O Be6 14. Rd1 O-O 15. Bd2 (15. a5
Rfd8 16. Qe2 Rd7 17. Ncd5 Bxd5 18. exd5 Qd8 19. Nc4 (19. Bd2 Rdc7 20. Bb4 $14)
19... Rdc7 20. b3 Rc5 21. Qf3 $6 Rxc4 $6 (21... e4 $142) 22. bxc4 Rxc4 23. Qb3
$14 {, dennoch 0-1/61, Malakhov,V (2689)-Zhao,J (2601), China 2018}) 15... Bc4
(15... Rfd8 16. Be1 Bc4 17. Nxc4 Qxc4 18. Qf3 (18. f3 d5 19. Qxc4 Rxc4 20. exd5
Bb4 $11) 18... b5 19. b3 Qc6 20. axb5 axb5 21. Ra2 Ra8 22. Rda1 Rxa2 23. Rxa2
d5 $11 {, remis/36, Malakhov,V (2685)-Demchenko,A (2664), Konya 2018}) 16. Nxc4
Qxc4 {- remis/24, Miton,K (2604)-Navara,D (2727), Brest 2018}) 11. Ne3 Nf6 12.
Bd2 Be7 13. a4 O-O (13... Qb6 $142 $5 {/\} 14. a5 Qd4 15. Ra4 Qxd3 16. cxd3 $11
) 14. O-O Qd7 $6 (14... Qb6 $142 $5) 15. a5 Rfd8 16. Rfd1 Bf8 (16... Qc7 $5) (
16... Qc6 $2 17. Ncd5 $1 Bxd5 18. exd5 Qb5 19. c4) 17. Be1 Rc6 $6 (17... Qc6
18. f3 $14) 18. Na4 Qe8 (18... Re8 19. Nb6 Qd8 20. c4 $16) 19. c4 $16 {,
dennoch remis/58, Duda,J (2737)-Nepomniachtchi,I (2757), Dortmund 2018}) 8. O-O
e5 9. Qd3 h6 {eine nützliche Prophylaxe im Kampf um das Schlüsselfeld d5 
(gegen Bg5)} ({Gefallen kann auch folgende, schnörkellose
Eröffnungsbehandlung (bis zum 14.Zug) eines der ganz großen
Sizilianisch-Experten:} 9... Qc7 10. Rd1 Be6 11. a4 Nf6 12. Nd2 (12. Bg5 Nd7)
12... Be7 13. Nf1 Qc4 14. Ne3 Qxd3 15. Rxd3 $11 {mit lockerem Ausgleich} Kd7 $6
(15... Nd7 $142 16. f3 g6 17. Ncd5 f5) 16. f3 Rc6 17. Bd2 Rhc8 18. b3 Nh5 19.
g3 Bd8 20. a5 $14 {- remis/33, Xiong,J (2656)-Vachier Lagrave,M (2780),
Douglas 2018}) 10. Nd2 Qc7 11. Rd1 Nf6 12. Nf1 Bg4 ({Anstatt f3 zu provozieren
- zwecks Schwächung der Schrägen a7-g1 - , kann Schwarz auch gut seine
Entwicklung fortsetzen, z.B.} 12... Be7 13. Ne3 Be6 14. Bd2 (14. a4) 14... O-O
15. a4 Rfd8 {und unter Zugumstellung geht das Spiel über zu den 7...
e5-Varianten, siehe vorige Anmerkung zu 7...Rc8.}) 13. f3 Be6 14. Ne3 Be7 15.
Bd2 O-O 16. Kh1 ({Entfernt den König vorsorglich aus der geschwächten
Diagonale gen g1. Andere Möglichkeiten, z.B.: I} 16. a4 Rfd8 17. Be1 d5 18.
Nexd5 Bxd5 19. exd5 Bb4 $11 {, remis/62, Adams,M (2748)-Giri,A (2771), London
2016}) ({II} 16. Be1 Rfd8 (16... b5 $13) 17. Kh1 (17. Rac1 d5 18. Nexd5 Nxd5
19. exd5 Bb4 $11) (17. Ncd5 $6 Bxd5 18. exd5 (18. Nxd5 $2 Nxd5 19. Qxd5 Qb6+
20. Bf2 Qxb2 $15) 18... Re8) 17... b5 $13 (17... d5 $143 18. exd5 Bc5 19. Qe2
Bxe3 20. dxe6 Bd4 21. exf7+ Qxf7 22. Bh4 Bxc3 23. Rxd8+ Rxd8 24. bxc3 Qe6 25.
Re1 $14)) 16... Rfe8 (16... Rfd8 $142 17. Ncd5 (17. Be1 b5) 17... Nxd5 18. Nxd5
Bxd5 {- remis, Grib,R (2415)-Palac,M (2573), Minsk 2017} (18... Bxd5 19. Qxd5
b5 (19... Qxc2 $6 20. Qxb7) 20. c3 Qc4 $11)) 17. a4 (17. Rac1 Qb6 18. b3 Qd4
19. Be1 Qxd3 20. Rxd3 b5 21. a4 bxa4 22. Nxa4 Rb8 $2 (22... Nd7 $14) 23. Nb2
Nd7 24. Nbc4 $16 {, dennoch remis/74, Mastrovasilis,D (2580)-Jakubiec,A (2500),
Poland 2017}) 17... Qc5 (17... Bc4 18. Nxc4 Qxc4 19. Be3 Qxd3 20. Rxd3 Rc4 $14
{/=}) 18. Be1 (18. a5 Bc4 19. Nxc4 Qxc4 20. Be3 Qxd3 21. Rxd3 Rc4 $14 {/=})
18... Bd8 19. Bf2 Qb4 $6 ({Schwarz beginnt sich zu verzetteln, er sollte
besser zielstrebig auf der Ausgleichsschiene bleiben, beispielsweise mit} 19...
Ba5 $142 $5 {:} 20. Kg1 (20. Qxd6 Qxd6 21. Rxd6 Bxc3 22. bxc3 Rxc3 23. Rb1 Re7
24. Rdb6 Ra3 $11) 20... Bxc3 21. bxc3 Qxc3 22. Qxc3 Rxc3 23. Rxd6 Rec8 24. Rb6
R8c7 25. Rab1 Ra3 26. Kf1 Rxa4 27. Rxb7 Rc6 28. R1b6 Rxb6 29. Rxb6 Nd7 30. Rb7
g6 $14 {/=}) 20. Rab1 $14 (20. Qxd6 $2 Qxb2 21. Ncd5 Bxd5 22. Rab1 Qc3 23. Nxd5
(23. exd5 Be7 24. Qb6 Bc5 25. Qb3 Bxe3 26. Bxe3 Red8 $15) 23... Qxc2 24. Bg1
Nxd5 25. Qxd5 Qxa4 26. Qxb7 Qc4 27. Rd7 Rf8 $15) 20... Ba5 $2 ({Verkennt den
Ernst der Situation. Erforderlich war der Rückzug} 20... Be7 $142 {, und nun:}
21. Be1 Bc4 22. Qd2 (22. Nxc4 $143 Qxc4 23. Bh4 Qxd3 24. Rxd3 (24. cxd3 g5)
24... Rc6 25. Bxf6 Bxf6 26. Rbd1 Rb6 27. b3 Rc6) 22... Be6 23. Ra1 $5 (23. Qe2
Qc5 24. b4 Qc7 25. Qd3 Bc4 26. Qd2 Be6 27. a5 Red8 28. Qf2) 23... Nh5 24. Ncd5
Qxb2 25. Rab1 Qa3 26. Rxb7 Bg5 27. Qb4 Qxb4 28. Bxb4 Nf6 29. c3 Nxd5 30. Nxd5
$14) 21. Bh4 $1 $16 {Danach wird die sizilianische Verteidigung jeglicher
Dynamik beraubt und die schwarze Stellung "gerät zum Albtraum".} g5 ({Um der
Drohung Bxf6 zu begegnen, sind jetzt die folgenden Alternativen ebenso
unzureichend: I} 21... Bd8 22. Bxf6 Bxf6 23. Ncd5 Bxd5 24. Nxd5 Qc4 25. c3 $16)
({II} 21... Qc5 22. Bxf6 Bxc3 23. Bxg7 Kxg7 24. bxc3 Qxc3 25. Rxb7 Qxd3 26.
Rxd3 Rb8 27. Rxb8 Rxb8 28. Kg1 $16 (28. Rxd6 $16)) 22. Be1 Bc4 $2 {Übersieht
die folgende "petite combinaison" mittels Abzugsangriff und gerät
vorentscheidend in Nachteil.} ({Falls} 22... Qd4 {, so z.B.} 23. Qe2 Qa7 24.
Ncd5 Bd8 (24... Bxd5 $2 25. Bxa5 Be6 26. Rxd6 $18) 25. Bf2 Nxd5 26. Nxd5 Qb8
27. c4 Bxd5 28. Rxd5 $16 {und der große weiße Positionsvorteil ist evident.})
23. Ncd5 $1 Nxd5 ({Zum Figurenverlust führt} 23... Qxe1+ 24. Rxe1 Bxd3 25.
Nxf6+ Kf8 26. cxd3 Bxe1 27. Nxe8 Kxe8 28. Rxe1 $18) 24. Bxb4 Bxd3 25. Nxd5 ({
Freilich nicht} 25. Bxa5 $2 {wegen} Nxe3 26. Rxd3 Nxc2 27. Rxd6 Kg7 $13 {/=})
25... Bxc2 (25... Bxb4 {büßt nach} 26. Rxd3 a5 27. c3 Bc5 28. Nf6+ Kf8 29.
Nxe8 Kxe8 30. g4 $18 {kompensationslos die Qualität ein.}) 26. Bxa5 $18 {
Weiß hat eine technische Gewinnstellung, da bei der gegebenen Bauernstruktur
der Läufer und - vor allem - der prächtige Springervorposten dem schwarzen
Turm (plus Bauer) klar überlegen sind. Indes bedarf es noch der nötigen
Sorgfalt und Geduld.} Kg7 27. Bc3 Bxb1 28. Rxb1 Rc6 29. g4 f6 30. Kg2 Kf7 (
30... Rh8 31. Rd1 Rcc8 32. Ne7 Rcd8 33. Nf5+ Kg6 34. Rd5 {/\Nxd6}) 31. h4 gxh4
32. Rh1 Rg8 33. Rxh4 Rg6 34. Kf2 Rc4 35. a5 Rc8 36. Rh1 Rh8 37. Bd2 Rc8 38. Ke2
Ke6 39. Kd3 Rh8 40. Rh5 Rh7 41. Be3 Rh8 42. Kd2 Rh7 43. Ke1 Rh8 44. Kf2 Kf7 45.
Kg3 Rc8 46. Rxh6 Rxh6 47. Bxh6 Rc2 48. b4 Rc8 49. Be3 Ke6 50. Kg2 Rg8 51. Bb6
Rc8 52. Kg3 Rh8 53. f4 $1 {Mit diesem Hebel wird die Schwäche f6 bloßgelegt.}
exf4+ (53... Kf7 54. f5 Rh1 55. Bd8) 54. Kxf4 Rh1 55. Bd4 Rf1+ 56. Kg3 Re1 (
56... Kf7 57. Bxf6) 57. Kf3 Rf1+ 58. Ke2 1-0

[Event "Bundesliga 1718"]
[Site "Germany"]
[Date "2017.11.11"]
[Round "3.7"]
[White "McShane, Luke J"]
[Black "Huschenbeth, Niclas"]
[Result "1-0"]
[WhiteElo "2647"]
[BlackElo "2596"]
[Annotator "Meyer,CD"]
[PlyCount "73"]
[EventDate "2017.10.21"]
[EventType "team-tourn"]
[EventRounds "15"]
[EventCountry "GER"]
[SourceTitle "CBM 182"]
[Source "ChessBase"]
[SourceDate "2018.01.17"]
[SourceVersion "1"]
[SourceVersionDate "2018.01.17"]
[SourceQuality "1"]
[WhiteTeam "Werder Bremen"]
[BlackTeam "Hamburger SK"]
[WhiteTeamCountry "GER"]
[BlackTeamCountry "GER"]

{SIZILIANISCHE SPEZIALITÄTEN (Taktische Feinheiten und Fehlgriffe)} 1. e4 c5
2. Nf3 d6 3. Bb5+ {Sicherlich eine gute Wahl des Ex-Profis Luke McShane gegen
den als Eröffnungsexperten bekannten, jungen Hamburger Großmeister, aber wie
im Weiteren zu sehen sein wird (u.a. Anmerkung zum 9. Zug von Weiß), ist
Niclas Huschenbeth auch in den aktuellen Nebenvarianten auf der Höhe der Zeit.
} Nd7 {Ambitionierter als das natürliche 3...Bd7. Dazu schrieb einst Joe
Gallagher in "Beating the Anti-Sicilians" (Batsford, 1994): "...Finally I
decided that I was going to have to play 3...Nd7, like it or not... To
summarize, if Black can avoid being 'murdered in his bed` (D. King) he can
look forward to a bright future."} 4. O-O a6 ({Die ebenfalls viel gespielte
Alternative lautet} 4... Ngf6 5. Re1 a6 {und nun:} 6. Bf1 {Zumeist wird der
Läufer - nahezu automatisch - so versteckt, indes verfügt Weiß mit 6.Bxd7+
und dem modernen 6.Bd3 - nebst Übergang zu unserer Hauptpartie - hier über
weitere interessante Möglichkeiten. Weiter könnte folgen:} b6 7. c4 Bb7 8.
Nc3 e6 9. d4 cxd4 10. Nxd4 Be7 11. f3 O-O 12. Be3 Qc7 13. Rc1 Rac8 14. Qd2 Qb8
{, wonach wir im zähen Igel-System gelandet sind, und das ist ein ganz
anderes Thema.}) 5. Bd3 $5 {Dieser - etwas schräg wirkende -
unternehmungslustige Läuferrückzug erfreut sich in den letzten Jahren
größerer Beliebtheit bei den Topspielern als das alte Schlagen auf d7. Weiß
strebt nach bekanntem Muster das Vollzentrum mittels c3, Bc2 nebst d4 an. Laut
Mega Database fand der Zug in der Meisterpraxis zuerst 1984 Anwendung, siehe
die Partie Ramsingh - Stohl in der Anmerkung zum 6. Zug von Weiß.} ({Das
altbewährte} 5. Bxd7+ {führt nicht selten zu trockeneren Stellungen, z.B.}
Bxd7 6. d4 cxd4 7. Qxd4 e5 8. Qd3 Rc8 9. c4 b5 10. b3 h6 11. Nc3 bxc4 12. bxc4
Nf6 13. Be3 Be7 14. Rab1 O-O 15. h3 Qc7 16. Nd2 Rb8 17. Rb3 Bc6 18. Rfb1 Rxb3
19. axb3 $14 {1/2-1/2 (43) Anand,V (2786)-Giri,A (2771) Stavanger 2017}) 5...
Ngf6 (5... e5 6. a4 Ngf6 7. Nc3 Be7 8. Bc4 Nb8 9. d3 Nc6 10. Bg5 O-O 11. h3 Rb8
12. Bxf6 Bxf6 13. Nd5 b5 14. axb5 axb5 15. Bb3 g6 16. Ra2 Bg7 17. Qd2 Kh8 18.
c3 f5 $13 {/=: 1/2-1/2 (41) Tomizawa,T (2492)-Unalmis,O (2553) ICCF email 2016}
) 6. Re1 ({Oder auch} 6. c3 b5 7. Bc2 Bb7 8. Re1 e5 {nach "spanischem Muster"}
9. d3 (9. d4 Be7 10. d5 (10. Nbd2) 10... O-O (10... c4) 11. Nbd2 g6 (11... c4)
12. a4 (12. b3) 12... Nh5 (12... c4) 13. b3 Nf4 $6 (13... Nb6 $142 $14) 14. Nf1
(14. g3) 14... Qc8 15. g3 Nh5 16. Bh6 Re8 17. Qe2 $16 Ndf6 $6 18. axb5 axb5 19.
Rxa8 Bxa8 20. Qxb5 $18 {, dennoch ½-½ (58) Caruana,F (2795)-Vachier Lagrave,
M (2788) chess.com INT 2016}) 9... Be7 10. Nbd2 O-O 11. Nf1 Re8 12. h3 Qc7 13.
Ng3 d5 $1 14. Nh2 (14. Nf5 $142 Bf8 15. Nh2) 14... Rad8 15. Qf3 $6 (15. Nf5)
15... c4 $1 $15 16. Ng4 cxd3 17. Nxf6+ Nxf6 18. Bxd3 b4 19. cxb4 $2 (19. exd5
$142 Bxd5 20. Ne4 bxc3 21. bxc3 Qc6 22. Nxf6+ Bxf6 23. Be4) 19... Bxb4 20. Bg5
Bxe1 21. Bxf6 gxf6 $2 (21... Bxf2+ 22. Qxf2 gxf6 23. Rf1 Re6 24. Qf5 dxe4 25.
Bxe4 Bxe4 26. Nxe4 Kg7 $17) 22. Rxe1 d4 23. Nh5 $13 {- 0-1 (50) Ramsingh,
Y-Stohl,I (2405) Kiljava 1984}) 6... e6 ({Noch häufiger ist die sofortige
Expansion am Damenflügel mittels} 6... b5 {anzutreffen, worauf} 7. c4 $5 {
zu anderen Stellungsbildern als nach dem Textzug führt:} g5 {provoziert
riskante Komplikationen} (7... bxc4 $5 {ist eine solide Alternative, z.B.} 8.
Bxc4 Nb6 9. Bb3 (9. d3 e6 10. e5 dxe5 11. Nxe5 Bd6 12. Nc3 O-O 13. Bf4 Qc7 14.
Bg3 Bb7 15. Rc1 Rfe8 16. Bb3 Rad8 17. Qe2 Qb8 18. Bh4 Bxe5 19. Qxe5 Qxe5 20.
Rxe5 Rd4 21. Bxf6 gxf6 22. Rxc5 Rxd3 23. Rc7 Rb8 24. Rd1 Rxd1+ 25. Bxd1 Nd5 26.
Nxd5 Bxd5 27. b3 a5 28. Bh5 {1/2-1/2 (28) Tari,A (2593)-Wojtaszek,R (2730)
Khanty-Mansiysk 2017}) 9... e5 10. d3 (10. Ng5 Ra7) (10. a4 a5 11. Nc3 Be7 12.
d3 O-O 13. Bg5 Nfd7 14. Be3 Nb8 15. Nd2 Nc6 16. Nd5 Rb8 $15 {0-1 (68) Bacrot,E
(2692)-Edouard,R (2628) Cap d'Agde 2016}) 10... Be7 11. Nc3 O-O $13 {/=}) 8.
Nxg5 Ne5 9. Bf1 $5 {"le dernier cri"} (9. Be2 bxc4 10. Nc3 Nd3 $5 11. Bxd3 cxd3
12. Qf3 e5 13. Nd5 Bg7 14. Qxd3 Nxd5 15. Qxd5 Ra7 16. Nf3 O-O 17. d3 Kh8 18.
Bg5 Qc7 19. Qc4 a5 20. Nd2 f5 21. exf5 Bxf5 22. Ne4 a4 (22... Qd7 23. Qc3 a4
24. f3) 23. f3 Rb8 24. Re2 Qd7 25. Qc3 Qe6 26. Qa3 Qg6 27. Bh4 Bd7 28. Rb1 Rab7
29. b3 Rb4 30. Be1 Rd4 31. Rd1 axb3 32. Qa7 Qe8 33. axb3 Bb5 34. Red2 Ra8 35.
Qc7 Bf8 36. Bf2 Rc8 37. Qa5 Rb4 38. Qa1 Qf7 39. Rb1 Be7 40. Qc3 Rg8 41. Bg3 Rg7
42. Kh1 h5 43. Be1 h4 44. h3 Qg6 45. Ra2 Rd4 46. Rd1 Bd7 47. Kh2 Bf5 48. Rdd2
d5 49. Nxc5 Qg5 50. Rf2 Bxh3 51. b4 Bf5 52. Rfe2 Kh7 53. Qd2 Qg6 54. Ra6 Bd6
55. Kh1 Bxd3 56. Rxd6 Qxd6 57. Nxd3 e4 58. Qf4 Qxf4 59. Nxf4 exf3 60. Ne6 fxe2
61. Nxd4 Rg4 62. Nf3 d4 63. Nxh4 d3 64. Nf3 Kg7 65. Kg1 Kf6 66. Kf2 Ke6 67. g3
Kf5 68. Ke3 d2 69. Bxd2 Rxg3 70. Be1 Rh3 71. Kxe2 {1/2-1/2 (71) Tomizawa,T 
(2492)-Morozov,D (2461) ICCF email 2016}) 9... bxc4 10. d4 $1 cxd3 11. f4 Bg4
12. Qd2 Nc6 13. Qxd3 h6 14. Nf3 Nb4 15. Qd1 Bxf3 16. gxf3 Bg7 17. Nc3 $14 {
1-0 (40) Vaibhav,S (2558)-Wallace,J (2411) Biel 2017}) 7. c3 b5 8. Bc2 c4 $5 {
Unter Raumgewinn verhindert Schwarz die gegnerische Zentrumsbildung mittels d4.
} 9. b3 $6 ({Geläufiger und vermutlich auch besser ist} 9. a4 {, z.B.} Bb7 10.
d4 cxd3 11. Qxd3 (11. Bxd3 bxa4 12. Qxa4 Be7 13. h3 O-O 14. Be3 Qc7 15. Nbd2
Rfb8 16. Qa5 Bd8 17. Qxc7 Bxc7 18. b4 {½-½ Nakamura,H (2785)-Vachier Lagrave,
M (2796) Sharjah 2017}) 11... Nc5 12. Qe2 bxa4 13. Be3 (13. e5 dxe5 14. Nxe5
Be7 15. Rd1 Qc8 16. Rxa4 $5 Nxa4 17. Bxa4+ Kf8 18. Na3 Bxa3 19. bxa3 Ke7 $4 20.
Qb2 $1 a5 21. Be3 Kf8 (21... Nd5 22. c4 Nxe3 23. Rd7+ $18) 22. c4 (22. Rd8+
Qxd8 23. Qxb7 $18) 22... h5 23. Bg5 Ne4 24. Rd8+ Qxd8 25. Bxd8 {1-0 Vachier
Lagrave,M (2796)-Giri,A (2771) Stavanger 2017}) 13... Nfd7 14. Bd4 e5 15. Bxc5
Nxc5 16. c4 Be7 17. Nc3 O-O 18. Nxa4 Nxa4 19. Bxa4 Qb6 $13 {/=: 1/2-1/2 (53)
Bacrot,E (2692)-Huschenbeth,N (2548) Germany 2017}) 9... Bb7 10. bxc4 bxc4 11.
Na3 Rc8 12. Rb1 Ba8 13. Qe2 Qc7 $6 ({Die erste Ungenauigkeit von Schwarz, der
meines Erachtens mit} 13... d5 $142 $1 {besser gefahren wäre:} 14. exd5 (14.
e5 $143 Ne4) 14... Bxd5 15. d3 cxd3 16. Bxd3 Rxc3 17. Nc2 Nc5 18. Bxa6 Nxa6 19.
Qxa6 Be7 $15 {, dennoch 1-0 (102) Bok,B (2591)-Pert,R (2448) London 2015}) 14.
d4 cxd3 15. Bxd3 Nc5 (15... Rb8 16. Rxb8+ Qxb8 17. Nd2 Be7 18. Bxa6 O-O 19. Bd3
Nc5 20. Bc2 Qa7 $13 {/=: 1/2-1/2 (40) Rogic,D (2475)-Cebalo,M (2511) Belisce
1999}) 16. Bxa6 Nxa6 17. Qxa6 Bxe4 18. Rb6 (18. Nb5 Qc6 19. Qxc6+ Rxc6 20. Rb3
Bxf3 21. gxf3 Be7 (21... Nd5) 22. Nd4 Rc8 23. Bd2 O-O $6 (23... Kd7 $142 $1 $15
) 24. a4 $13 {/= : 1-0 (57) Mamedov,R (2659)-Bologan,V (2661) Dubai UAE 2014})
18... Ra8 19. Qb5+ Nd7 20. Nc4 Bxf3 (20... Bd3 $143 $2 {fand eine glänzende
Widerlegung:} 21. Rc6 Qb8 (21... Bxc4 22. Qxc4 Qd8 23. Ng5 $1 Ne5 24. Rxe5 dxe5
25. Rxe6+ $1 Be7 26. Rxe7+ Kxe7 27. Qxf7+ Kd6 28. Qb7 $1 Qc8 (28... Rf8 29.
Ne4+ Ke6 30. Nc5+ Kd6 31. Bg5 Rf6 32. Bxf6 gxf6 33. Ne4+ Ke6 34. h3 $18) 29.
Ne4+ Ke6 30. Qb6+ Kd7 31. Qd6+ Ke8 32. Qxe5+ Kf8 33. Qd5 Ra6 34. Be3 $18) 22.
Qxb8+ Rxb8 23. Nxd6+ Bxd6 24. Rxd6 Bc4 $2 (24... Bb5 25. Nd4 Nf6 (25... Bc4 26.
Ba3 Ne5 27. Nc6 Nxc6 28. Rxc6 Bxa2 29. Rc7 Kd8 30. Rxf7 Kc8 31. Rxg7 Rb7 32.
Rg4 $18) 26. a4 Bd7 27. a5 Ra8 28. a6 Bc8 29. Nb5 O-O 30. Ba3 Bxa6 31. Nc7 Bc4
32. Nxa8 Rxa8 33. Rd4 $18) 25. Rxd7 Kxd7 26. Ne5+ Ke7 27. Nxc4 $18 {1-0 (35)
Kovalev,A (2513)-Smith,B (2453) Pardubice 2016}) 21. gxf3 Rc8 $2 {Gleich
nachdem das ellenlange, ausgeglichene Theorieduell zu Ende ist, unterschätzt
der Hamburger folgende findige Verstärkung, die den feindlichen Angriffsdruck
aufrechterhält, und er gerät unter die Räder.} ({Erforderlich war} 21... Qc5
$142 $8 {, was die Wogen völlig geglättet hätte:} 22. Qxc5 Nxc5 23. Be3 Nd7
24. Nxd6+ Bxd6 25. Rxd6 Ne5 $11 {, z.B.} 26. Kg2 Nc4 27. Rc6 Nxe3+ 28. Rxe3 Kd7
(28... O-O 29. Re2 g6 30. c4 Ra4 31. Rd2 Rfa8 32. Rc7 Rxa2 33. Rdd7 Rf8 34. c5
Kg7 35. h4 Rc2 $11) 29. Rb6 Rhc8 30. Rd3+ Ke8 31. Rb7 Rcb8 32. Rc7 Rc8 $11) 22.
Re4 $3 $16 {Bärenstark und stichfest, wie auch nachstehende Varianten
bezeugen.} Be7 ({I} 22... g5 23. Be3 Be7 24. Na5 d5 (24... Rb8 25. Rxb8+ Qxb8
26. Qc6) 25. Rb7 $18) ({II} 22... d5 23. Bf4 $1 Qd8 24. Rb7 Rc5 (24... dxe4 25.
Nb6 Rc5 26. Qa4 Ra5 27. Qxa5 Bc5 28. Qb5 Bxb6 29. Rb8 $18)) 23. Ba3 $2 {
Räumt dem Gegner eine unverhoffte Chance ein, während} (23. Bf4 $142 $1 {
einen siegverheißenden Vorteil festhält:} Qc5 (23... O-O 24. Rb7 Qc6 25. Qxc6
Rxc6 26. Rxd7 d5 27. Ne5 Rxc3 28. Re3 $18) 24. Bxd6 Qxb5 25. Rxb5 $16 {/+-})
23... d5 $8 {Nun sollte diese Gabel dem Verteidiger die erhoffte Entlastung
bringen ...} 24. Bd6 $1 {doch ein äußerst tückischer Überrumpelungsversuch
bringt ihn in Verwirrung.} ({Nach der Abwicklung ins Endspiel mittels} 24. Bxe7
Kxe7 (24... dxe4 25. Rb7 Qc6 26. Bb4 Qxb5 27. Nd6+ Kd8 28. Nxf7+ Ke8 29. Nd6+
Kd8 30. Rxb5 exf3 31. h3 Kc7 32. Nxc8 Rxc8 33. Kh2 Kc6 34. Rh5 h6 35. Ra5 $14)
25. Rb7 Qc6 26. Qb4+ Qc5 27. Ne5 $14 Rhd8 $8 28. Rg4 h5 (28... Qxb4 29. cxb4 h5
30. Rg3 (30. Rxg7 Kf6 31. Rxf7+ Kxe5 32. Rfxd7 Rxd7 33. Rxd7 Rb8 34. a3 Ra8 $11
) 30... g6 {ist Zugumstellung zum Text}) 29. Rg3 Qxb4 30. cxb4 g6 {
verflüchtigt sich der weiße Vorteil:} 31. b5 Rc1+ 32. Kg2 Ke8 33. f4 Nxe5 34.
fxe5 Rd7 {und Schwarz kann sich behaupten (=). Noch weiter könnte folgen:} 35.
Rb8+ Rd8 (35... Ke7 $2 36. Ra3 $18 Re1 (36... Rb1 37. Raa8) 37. b6 Rxe5 38. b7
Kd6 39. Rb3 Re4 40. Ra8) 36. Rb6 d4 37. Rd3 Rc3 38. Rxc3 dxc3 39. Rc6 Rb8 40.
a4 Ra8 41. Rxc3 Rxa4 42. b6 Rb4 43. Rc8+ Ke7 44. Rc7+ Kd8 45. Rxf7 Rxb6 46. Rg7
Rb5 47. f4 Rb2+ 48. Kg3 (48. Kh3 Rf2) 48... Rb1 49. h3 Rf1 {und remis.}) 24...
Bxd6 $2 ({Die hohen taktischen Anforderungen fordern ihren Tribut, mein
kaltblütiger Silikonfreund indes zeigt in Blitzesschnelle folgende forcierte
Rettungsvariante:} 24... Qd8 $8 {!!} 25. Bxe7 Kxe7 (25... Qxe7 $4 26. Nd6+ Kd8
27. Nxc8 $18) 26. Qb4+ Kf6 $1 {Diese notwendige Königsauswanderung mußte
einkalkuliert werden.} (26... Nc5 $2 27. Rd4 $18) 27. Rf4+ Kg6 28. Rg4+ Kf6 29.
Nd6 Qxb6 30. Rf4+ Kg6 (30... Ke7 $4 31. Nxc8+) (30... Ke5 $4 31. Nxf7#) 31.
Rg4+ Kf6 32. Rf4+ {mit Stellungswiederholung.}) 25. Nxd6+ $18 Ke7 ({Falls} 
25... Kf8 {, so folgt} 26. Rb7 Qxd6 27. Rxd7 Qb8 28. Qxb8 Rxb8 29. Rb4 $1 $18 {
mit dem Plan der Turmverdopplung auf der 7.Reihe durch Rbb7, und Schwarz geht
an seinen eingesperrten Figuren auf der Grundreihe zugrunde.}) 26. Nxc8+ $18
Qxc8 (26... Rxc8 27. Rb7 Qc6 28. Qxc6 Rxc6 29. Ra4 $18) 27. Rc6 Qb8 28. Qxd5
Rd8 29. Kg2 h6 30. Qd4 Nf6 31. Qc5+ Ke8 32. Rb4 Qa8 33. Rc7 Nd5 34. Rbb7 {
nebst Damengewinn oder Matt} Nf4+ (34... Nxc7 35. Rxc7 Rd7 36. Rc8+) 35. Kg3
Ne2+ 36. Kh3 Nf4+ 37. Kg4 {- Ein überaus spannendes und gehaltvolles
taktisches Gefecht, in dem zum turbulenten Ende Werder Bremens langjähriger
Vorkämpfer McShane den verdienten Sieg davontrug.} 1-0